Normal view
MARC view
Entry Personal Name
001 - CONTROL NUMBER
- control field: 318
003 - CONTROL NUMBER IDENTIFIER
- control field: OSt
005 - DATE AND TIME OF LATEST TRANSACTION
- control field: 20220901143035.0
008 - FIXED-LENGTH DATA ELEMENTS
- fixed length control field: 220901|| aca||aabn | a|a d
040 ## - CATALOGING SOURCE
- Original cataloging agency: OSt
- Transcribing agency: OSt
100 ## - HEADING--PERSONAL NAME
- Personal name: Martin, Kendall
- Fuller form of name: (Kendall E.)
670 ## - SOURCE DATA FOUND
- Source citation: Work cat.: (OSt)0: Evans, Alan (Alan D.), author. 314, Technology in Action :
